00693nam a2200241 a 4500001001300000003000900013005001700022008004100039020001000080082001500090100003000105245002200135260003900157300000900196500003500205505001000240650001300250700003000263902000800293942000700301952012800308999001500436nice12345678IN_TiNIC20260116012306.0050524s1922 dela grp 000 0 eng  ac15000a294.3bBUR aBurlingame, Eugene Watson aBuddhist Parables aDelhi bMotilal Banarsidass c1922 a348p aincludes index and biblioraphy2 aindex aBuddhism1 aBurlingame, Eugene Watson bSRS cBK 001040708StackRoom-aHMIbHMId2007-07-20g150.00l1o294.3 BURp014197r2022-04-25s2022-04-14v150.00w2005-05-24yBK c6424d6424